The Stan Countries - Statistics

General Stats
  • This quiz has been taken 58 times
  • The average score is 6 of 7
Answer Stats
Answer % Correct
Pakistan
98%
Uzbekistan
96%
Afghanistan
87%
Turkmenistan
87%
Kazakhstan
81%
Tajikistan
77%
Kyrgyzstan
74%
No matching quizzes found
Score Distribution
Percent of People with Each Score
Percentile by Number Answered
Your Score History
You have not taken this quiz